| 000 | 00365nam a2200109Ia 4500 | ||
|---|---|---|---|
| 008 | 220216s9999 xx 000 0 und d | ||
| 100 | _aBhowmick A K | ||
| 245 | 0 | _aRubber technology education and research | |
| 260 | _bProceedings of the Asia Rub Tech Expo, 23-25 November 2006, Indian Rubber Institute, Kochi. pp.23-24. | ||
| 650 | _aRubber technology | ||
| 942 | _cJS | ||
| 999 |
_c68024 _d68024 |
||